Nabi sulaiman pemerintah yang adil

Bibliographic Details
Main Author: Zaharah Omar
Other Authors: Rahimah Mohd. Arshad
Format: Book
Published: Petaling Jaya : Penerbit Mega Setia Emas Sdn. Bhd. , 2001
Series:Siri khazanah daripada al-quran
Subjects:

MARC

LEADER 00000cam a2200000 7i4500
001 0000044310
005 20020628.0
020 |a 9831432975 
090 0 0 |a 297   |b ZAH 
100 0 |a Zaharah Omar 
245 1 0 |a Nabi sulaiman pemerintah yang adil   |c Zaharah Omar dan Rahimah Mohd. Arshad 
260 |a Petaling Jaya :   |b Penerbit Mega Setia Emas Sdn. Bhd. ,   |c 2001 
300 |a 32p. :   |b ill. ;   |c 20cm. 
490 0 |a Siri khazanah daripada al-quran 
650 0 0 |a Children's stories, Malay 
700 0 |a Rahimah Mohd. Arshad 
999 |a 00102227   |b BUKU   |c JUNIOR BOOKS   |e PERPUSTAKAAN KOMUNITI PETALING JAYA 
999 |a 00102228   |b BUKU   |c JUNIOR BOOKS   |e PERPUSTAKAAN KOMUNITI PETALING JAYA 
999 |a 00102229   |b BUKU   |c JUNIOR BOOKS   |e PERPUSTAKAAN KOMUNITI CAW KOTA DAMANSARA 
999 |a 112847   |b BUKU   |c JUNIOR BOOKS   |e PERPUSTAKAAN KOMUNITI CAW KOTA DAMANSARA 
999 |a 112848   |b BUKU   |c JUNIOR BOOKS   |e PERPUSTAKAAN KOMUNITI CAW KOTA DAMANSARA 
999 |a 112849   |b BUKU   |c JUNIOR BOOKS   |e PERPUSTAKAAN KOMUNITI PETALING JAYA 
999 |a 112850   |b BUKU   |c JUNIOR BOOKS   |e PERPUSTAKAAN KOMUNITI PETALING JAYA